Statistics for Colorado Avalanche Roster

Click here to take the quiz!

General Stats

  • This quiz has been taken 96 times
    (59 since last reset)
  • The average score is 11 of 25

Answer Stats

HintAnswer% Correct
29MacKinnon
92%
96Rantanen
90%
92Landeskog
88%
6Johnson
77%
37Compher
73%
4Barrie
71%
1Varlamov
67%
17Jost
54%
83Nieto
52%
16Zadorov
44%
13Kerfoot
42%
10Andrighetto
40%
34Soderberg
40%
44Barberio
38%
49Girard
38%
45Bernier
33%
22Wilson
31%
64Yakupov
29%
14Comeau
23%
12Nemeth
23%
57Bourque
21%
54Lindholm
17%
5Warsofsky
17%
15Siemens
15%
47Toninato
10%

Score Distribution

Percentile by Number Answered

Percent of People with Each Score

Your Score History

You have not taken this quiz since the last reset